[Event "Canadian op 48th U2000"]
[Site "Toronto"]
[Date "2011.07.15"]
[Round "7"]
[White "Cooke, Matthew W"]
[Black "Song, Eric"]
[Result "1-0"]
[WhiteElo "1799"]
[BlackElo "1488"]
[PlyCount "93"]
[EventDate "2011.07.09"]
[EventType "swiss"]
[EventRounds "9"]
[EventCountry "CAN"]
[SourceTitle "EXT 2022"]
[Source "ChessBase"]
[SourceDate "2021.10.06"]
[SourceVersion "1"]
[SourceVersionDate "2021.10.06"]
[SourceQuality "1"]

1. d4 d5 2. Nf3 Nf6 3. g3 h6 4. Bg2 e6 5. Nbd2 Bd6 6. b3 Bb4 7. Bb2 0-0 8. 0-0 Nc6 9. a3 Bd6 10. c4 Re8 11. Ne5 Bf8 12. cxd5 Nxe5 13. dxe5 Nxd5 14. Qc2 c6 15. Rad1 Qc7 16. Nc4 Rd8 17. e4 Nb6 18. Rxd8 Qxd8 19. Rd1 Qc7 20. Nd6 Qe7 21. f4 Nd7 22. Qf2 a6 23. Qd4 Qd8 24. Nxc8 Bc5 25. Qxc5 Qxc8 26. Qd4 Nf8 27. Bh3 Qc7 28. f5 exf5 29. exf5 Re8 30. e6 fxe6 31. fxe6 a5 32. Qg4 Re7 33. Qd4 Re8 34. Rf1 Re7 35. Qf2 Nh7 36. Bd4 Qc8 37. Bc5 Ng5 38. Qf7+ Nxf7 39. exf7+ Rxf7 40. Bxc8 Rc7 41. Rf8+ Kh7 42. Bf5+ g6 43. Bd6 Rg7 44. Be4 Rd7 45. Be5 Rd1+ 46. Kg2 Rd2+ 47. Kh3 1-0

[Event "Canadian op 48th U2000"]
[Site "Toronto"]
[Date "2011.07.14"]
[Round "6"]
[White "Cooke, Matthew W"]
[Black "Sametova, Zhanna"]
[Result "1-0"]
[WhiteElo "1799"]
[BlackElo "1647"]
[PlyCount "115"]
[EventDate "2011.07.09"]
[EventType "swiss"]
[EventRounds "9"]
[EventCountry "CAN"]
[SourceTitle "EXT 2022"]
[Source "ChessBase"]
[SourceDate "2021.10.06"]
[SourceVersion "1"]
[SourceVersionDate "2021.10.06"]
[SourceQuality "1"]

1. d4 Nf6 2. Nf3 c5 3. g3 cxd4 4. Nxd4 g6 5. Bg2 Bg7 6. 0-0 0-0 7. c4 Nc6 8. Nxc6 bxc6 9. Qa4 Bb7 10. Nc3 d5 11. cxd5 cxd5 12. Rd1 e6 13. e4 Qe7 14. exd5 exd5 15. Bg5 d4 16. Nd5 Bxd5 17. Bxd5 Rad8 18. Rxd4 Qe5 19. Bf4 Qe7 20. Rad1 Nxd5 21. Rxd5 Rxd5 22. Rxd5 Bxb2 23. Be3 Rc8 24. Rd7 Qf8 25. Rxa7 Qd6 26. Qb3 Qf6 27. Bg5 Qg7 28. Qb7 Re8 29. Ra8 Rxa8 30. Qxa8+ Qf8 31. Qc6 Bg7 32. a4 Qb8 33. Be3 Qb1+ 34. Kg2 Qa2 35. Qa8+ Bf8 36. Bc5 Kg7 37. Bxf8+ Kf6 38. Qc6+ Qe6 39. Qf3+ Ke5 40. Qe3+ Kd5 41. Qxe6+ fxe6 42. a5 Kc6 43. Kf3 Kb5 44. Bb4 Ka6 45. Ke4 h5 46. h4 e5 47. Kxe5 Kb7 48. Kf6 Ka6 49. Kxg6 Kb7 50. f4 Ka6 51. f5 Kb7 52. f6 Ka6 53. f7 Ka7 54. f8Q Kb7 55. Qd6 Ka8 56. Qc6+ Ka7 57. a6 Kb8 58. Qb7# 1-0